000
00335nam a2200133Ia 4500
008
240624s9999 xx 000 0 und d
041
_a
eng
082
_a
823 DAL
100
_a
DALRYMPLE WILLIAM
245
_a
RETURN OF A KING AN INDIAN ARMY IN AFGHA
260
_c
2014
_a
New Delhi
_b
Bloomsbury
300
_a
608 : p.
365
_c
RS
_b
30
999
_c
28094
_d
28094